| 000 | 00454nam a2200133Ia 4500 | ||
|---|---|---|---|
| 999 |
_c22078 _d22078 |
||
| 082 | _aRI.003; | ||
| 100 | _aIndia. National Commission on Teachers (Higher Education) | ||
| 245 | 0 |
_aTeachers in higher education : _bGrievances and their redressal / Anita Banerji and M.V. Pyles |
|
| 260 | _c0 | ||
| 300 | _a78 | ||
| 650 | _aCOLLEGE TEACHERS - INDIA | ||
| 710 | _aNational Institute of Educational Planning and Administration, New Delhi | ||
| 942 |
_cRP _2ddc |
||